Siri Train The Trainers 2/98 : Training Management (Pengurusan Latihan) pada 15 - 18 Julai 1998

Bibliographic Details
Corporate Author: INSPEN ( Institut Penilaian Negara )
Format: Book
Language:English
Subjects:

MARC

LEADER 00000cam a2200000 7i4500
001 0000006086
005 20180705.0
008 180705 my eng
040 |a INS   |b eng   |c INS   |e rda 
090 0 0 |a M51 
245 0 0 |a Siri Train The Trainers 2/98 :   |b Training Management (Pengurusan Latihan) pada 15 - 18 Julai 1998 
264 0 |a Bangi :   |b Institut Penilaian Negara   |c 1998 
300 |a 1 volume ( Various paging ) :   |b illustration ;   |c 30cm. 
336 |a text  |2 rdacontent 
337 |a unmediated  |2 rdamedia 
338 |a volume  |2 rdacarrier 
650 0 0 |a Pengurusan 
710 1 |a INSPEN ( Institut Penilaian Negara ) 
999 |a M000000063   |b BOOK   |c Course Notes   |e Default branch 
999 |a M000001205   |b BOOK   |c Course Notes   |e Default branch 
999 |a M000001206   |b BOOK   |c Course Notes   |e Default branch